• 首页
  • 本馆介绍
  • 公告通知
  • 最新文献
  • 馆藏检索
  • 电子资源
  • 读者导购
  • 参考咨询
  • 我的图书馆
  • 登录
  • 详细信息显示
  • 放入我的书架
  • 预约/预借图书
  • 作者相关作品
  • 分类相关作品
  • 丛书相关作品
  • 出版社相关作品

书目信息

  • 表格格式
  • 工作单格式
  • 卡片格式
题名:
最新大学英语(精读)学习手册
    
 
作者: 王迈迈 主编
分册: 第四册  
出版信息: 武汉   中国建材工业出版社  1998
页数: 357页
开本: 20cm
丛书名:
单 册:
中图分类: H31-62
科图分类:
主题词: 英语
电子资源:
ISBN: 7-80090-752-X
000 00595nam0 2200193 450
001 0742438398
005 20070708174828.62
010    @a7-80090-752-X@dCNY10.00
100    @a20070606d1998 km y0chiy0120 ea
101 0  @achi
102    @aCN@b420000
200 1  @a最新大学英语(精读)学习手册@Azui xin da xue ying yu(jing du)xue xi shou ce@h第四册@f王迈迈主编@Fwang mai mai zhu bian
210    @a武汉@c中国建材工业出版社@d1998@h1999
215    @a357页@d20cm
606 0  @a英语
690    @aH31-62@v3
701  0 @a王迈迈@Awang mai mai@4主编
801  0 @aCN@bPFT@c20070708
905    @a10447@dH31-62@e1062:4
    
    最新大学英语(精读)学习手册.第四册/王迈迈主编.-武汉:中国建材工业出版社,1998(1999)
    357页;20cm
    
    
    ISBN 7-80090-752-X:CNY10.00
    
●
相关链接 在E读中查询图书 在五车中查询图书 在当当中查询图书 在豆瓣中查询图书


正题名:最新大学英语(精读)学习手册     索取号:H31-62/1062:4         预约/预借

序号 登录号 条形码 馆藏地/架位号 状态 备注
1 0514972   205149720   第二样本阅览室/ [索取号:H31-62/1062:4] 在馆    
2 0514973   205149739   密集书库/ [索取号:H31-62/1062:4] 在馆    
3 0514974   205149748   密集书库/ [索取号:H31-62/1062:4] 在馆    
4 0514975   205149757   密集书库/ [索取号:H31-62/1062:4] 在馆    
5 0514976   205149766   密集书库/ [索取号:H31-62/1062:4] 在馆    
6 0514977   205149775   密集书库/ [索取号:H31-62/1062:4] 在馆    
7 0765891   207658916   第四借阅区/ [索取号:H31-62/1062:4] 在馆    
唐山师范学院图书馆 欢迎您!
大连网信软件有限公司© 版权所有